Numerical analysis, Lancaster 1984
Đã lưu trong:
| Tác giả chính: | |
|---|---|
| Định dạng: | Sách |
| Ngôn ngữ: | Tiếng Anh |
| Được phát hành: |
Berlín
Springer-Verlag
1985
|
| Loạt: | Lecture Notes in Mathematics, 1129
|
| Những chủ đề: | |
| Các nhãn: |
Thêm thẻ
Không có thẻ, Là người đầu tiên thẻ bản ghi này!
|
MARC
| LEADER | 00000nam a2200000 a 4500 | ||
|---|---|---|---|
| 001 | UCP3044 | ||
| 003 | CL-VaPUC | ||
| 005 | 20230629131655.0 | ||
| 008 | 990604e19850000gw 1 eng d | ||
| 082 | 0 | 4 | |a 519.4 |b TUR |2 21 |
| 100 | 1 | |a Turner, P. R |e author |9 619529 | |
| 245 | 1 | 0 | |a Numerical analysis, Lancaster 1984 |
| 260 | |a Berlín |b Springer-Verlag |c 1985 | ||
| 300 | |a 179 p | ||
| 490 | 0 | |a Lecture Notes in Mathematics, 1129 | |
| 583 | |a last modification |c 19990604 00:00:00 |k Rodrigo Vera | ||
| 650 | 0 | 0 | |a Análisis numérico |9 259387 |
| 650 | 0 | 7 | |a TEORIA DE LA APROXIMACION |2 CL-VaPUC |9 424215 |
| 650 | 0 | 0 | |a Algoritmos |9 260639 |
| 650 | 0 | 0 | |a Congresos |9 257560 |
| 942 | |c BK | ||
| 945 | |a crobeson |d 19990604 00:00:00 | ||
| 546 | |a En Inglés | ||
| 518 | |p The S.E.R.C. Numerical Analysis Summer School, Lancaster, 15 de julio al 3 de agosto de 1984 | ||
| 999 | |c 383443 |d 383441 | ||
| 952 | |0 0 |1 0 |4 0 |6 519_400000000000000_TUR_1985 |7 0 |8 A |9 505561 |a BIBMAT |b BIBMAT |d 2020-01-23 |i 1347667 |o 519.4 TUR 1985 |p 1347667 |r 2025-01-07 |w 2020-01-23 |y BK |k MAT | ||